000 00317nam a22001337a 4500
008 170619b xxu||||| |||| 00| 0 eng d
020 _a0815733003
041 _aeng
080 _a32
100 _a20
101 _aSHP
245 _aLATIN AMERICAN ECONOMIC INTEGRATION AND U.S. POLICY
_cGRUNWALD.J
942 _2udc
_cBK
999 _c18118
_d18118